| 000 | 007450000a22002170004500 | ||
|---|---|---|---|
| 005 | 20081029101844.0 | ||
| 008 | 081029t xxu||||| |||| 00| 0 eng d | ||
| 010 | _aENG-84323 | ||
| 020 | _a8178792370 | ||
| 020 | _c750.00 (hb) | ||
| 035 | _aEN-67856 | ||
| 082 | _a796.07 / PHY | ||
| 245 |
_aPhysiology in sports / _cedited by Sharad Chand; compiled by Deepak Jain |
||
| 260 |
_aNew Delhi _bSports Publication |
||
| 260 | _c2005 | ||
| 300 |
_a442p _c22cm |
||
| 700 |
_aJain, Deepak _ccomp |
||
| 700 |
_aSharad Chand _ced |
||
| 942 |
_2ddc _cEN _h796.07 _mPHY |
||
| 999 |
_c17661 _d17661 |
||